[Event "Tiznit op 5th"]
[Site "Tiznit"]
[Date "2024.01.14"]
[Round "7"]
[White "Alami, Halim"]
[Black "Idrissi Naqib, Abdelali"]
[Result "1-0"]
[WhiteElo "1966"]
[BlackElo "1868"]
[PlyCount "131"]
[EventDate "2024.01.11"]
[EventType "swiss"]
[EventRounds "7"]
[EventCountry "MAR"]
[SourceTitle "CB04_2024"]
[SourceDate "2023.10.16"]
[SourceVersion "1"]
[SourceVersionDate "2023.10.16"]
[SourceQuality "1"]

1. c4 c5 2. g3 g6 3. Bg2 Bg7 4. Nc3 Nc6 5. e4 d6 6. Nge2 Nf6 7. d3 Bd7 8. 0-0 Qc8 9. Re1 0-0 10. f3 e5 11. Be3 a6 12. Qd2 Re8 13. h4 Nd4 14. Kh2 h5 15. Ng1 Kh7 16. Rf1 Rb8 17. Bh3 Rf8 18. Bg5 Be6 19. Rab1 Ng8 20. Nd5 Qe8 21. Nc7 Qd7 22. Nxe6 Nxe6 23. f4 f6 24. f5 fxg5 25. fxe6 Qe7 26. hxg5 Rxf1 27. Rxf1 Rf8 28. Rxf8 Bxf8 29. Nf3 Qc7 30. g4 hxg4 31. Bxg4 Qd8 32. b4 Be7 33. bxc5 dxc5 34. a4 b6 35. Kg2 Bd6 36. Qb2 Qc7 37. Qa1 Kg7 38. Kf2 Ne7 39. Ke2 Nc6 40. Qh1 Kg8 41. Nh4 Qh7 42. Qh3 Be7 43. Nf3 Qxh3 44. Bxh3 Kg7 45. Kd1 Bd6 46. Kd2 Nd4 47. Nxd4 exd4 48. Ke2 Bf4 49. Kf3 Bxg5 50. e5 Kf8 51. Ke4 Ke7 52. Kd5 Ke8 53. Bg2 Be7 54. Kc6 Bd8 55. a5 bxa5 56. Kxc5 Bb6+ 57. Kd6 Bd8 58. Kd5 a4 59. Kxd4 a3 60. Kc3 Be7 61. d4 a5 62. c5 Bh4 63. c6 Kd8 64. Kb3 Be7 65. d5 a4+ 66. Ka2 1-0

[Event "Tiznit op 5th"]
[Site "Tiznit"]
[Date "2024.01.13"]
[Round "5"]
[White "Alami, Halim"]
[Black "Lamriga, Abdessamad"]
[Result "1-0"]
[WhiteElo "1966"]
[BlackElo "1806"]
[PlyCount "73"]
[EventDate "2024.01.11"]
[EventType "swiss"]
[EventRounds "7"]
[EventCountry "MAR"]
[SourceTitle "CB04_2024"]
[SourceDate "2023.10.16"]
[SourceVersion "1"]
[SourceVersionDate "2023.10.16"]
[SourceQuality "1"]

1. c4 e5 2. g3 Nc6 3. Bg2 g6 4. Nc3 Bg7 5. e3 Nge7 6. Nge2 d6 7. d4 exd4 8. exd4 Bg4 9. h3 Bd7 10. 0-0 0-0 11. d5 Ne5 12. b3 f6 13. f4 Nf7 14. Be3 Qc8 15. Kh2 Re8 16. Bf2 a6 17. Rc1 Rb8 18. Ne4 Nf5 19. Nd4 b6 20. Re1 N7h6 21. g4 Nxd4 22. Bxd4 Kf7 23. Bf3 Ng8 24. Qd3 Re7 25. Qc3 h6 26. g5 Bh8 27. Nxf6 Bxf6 28. Bxf6 Bxh3 29. Bxe7 Qf5 30. Bf6 Bg4 31. Bxg4 Qxg4 32. Qg3 Qf5 33. Re6 hxg5 34. fxg5 Re8 35. Rxe8 Kxe8 36. Qe3+ Kf7 37. Qe6+ 1-0

[Event "Tiznit op 5th"]
[Site "Tiznit"]
[Date "2024.01.13"]
[Round "4"]
[White "Arrami, Mohamed"]
[Black "Alami, Halim"]
[Result "1-0"]
[WhiteElo "2109"]
[BlackElo "1966"]
[PlyCount "89"]
[EventDate "2024.01.11"]
[EventType "swiss"]
[EventRounds "7"]
[EventCountry "MAR"]
[SourceTitle "CB04_2024"]
[SourceDate "2023.10.16"]
[SourceVersion "1"]
[SourceVersionDate "2023.10.16"]
[SourceQuality "1"]

1. d4 d6 2. Bg5 Nd7 3. c4 Ngf6 4. Nc3 c6 5. Nf3 Qc7 6. e3 e5 7. Be2 Be7 8. 0-0 h6 9. Bh4 g5 10. Bg3 Nh5 11. Qc2 Nf8 12. Bd3 Nxg3 13. hxg3 h5 14. Bf5 Bxf5 15. Qxf5 Qd7 16. Qc2 Ng6 17. dxe5 dxe5 18. Rfd1 Qg4 19. Ne4 Rd8 20. Rxd8+ Kxd8 21. c5 Kc7 22. Nd6 Bxd6 23. cxd6+ Kxd6 24. Qb3 Ke7 25. Qxb7+ Kf6 26. Rd1 Re8 27. Rd7 Qc4 28. b3 Qe6 29. Qc7 Re7 30. Rxe7 Nxe7 31. Qxa7 Qd6 32. Qa5 g4 33. Nd2 Qd3 34. Qb4 c5 35. Ne4+ Kg6 36. Nxc5 Qb1+ 37. Kh2 Qxa2 38. Ne4 Qa7 39. Qd6+ Kf5 40. Qd3 Kg6 41. b4 f5 42. Qd6+ Kf7 43. Qf6+ Ke8 44. Nd6+ Kd7 45. Qxe7+ 1-0

[Event "Chefchaouen op"]
[Site "Chefchaouen"]
[Date "2022.10.24"]
[Round "2"]
[White "Benaino, Samir"]
[Black "Alami, Halim"]
[Result "1/2-1/2"]
[WhiteElo "2058"]
[BlackElo "2000"]
[PlyCount "129"]
[EventDate "2022.10.23"]
[EventType "swiss"]
[EventRounds "7"]
[EventCountry "MAR"]
[SourceTitle "EXT 2024"]
[Source "ChessBase"]
[SourceDate "2023.10.10"]
[SourceVersion "1"]
[SourceVersionDate "2023.10.10"]
[SourceQuality "1"]

1. d4 d6 2. e4 g6 3. Nc3 Bg7 4. Nf3 c6 5. h3 Nd7 6. Be3 e6 7. a4 b6 8. Be2 a6 9. Qd2 h6 10. 0-0 Ne7 11. Rfe1 Bb7 12. Bf4 Qc7 13. Rad1 g5 14. Bh2 Rc8 15. Bf1 Ng6 16. Ne2 b5 17. Ng3 Nf4 18. axb5 cxb5 19. Rc1 Qb6 20. c3 Bf8 21. d5 e5 22. Nf5 Rg8 23. g3 Ng6 24. Qd1 Nf6 25. Nd2 Ne7 26. Ne3 h5 27. c4 g4 28. cxb5 Rxc1 29. Qxc1 axb5 30. h4 Bh6 31. Qc2 Bxe3 32. Rxe3 Kd7 33. Rb3 Ba6 34. Qd3 Rc8 35. Kg2 Kd8 36. Bg1 Qd4 37. Qxd4 exd4 38. Bxb5 Bxb5 39. Rxb5 Rc2 40. Nb3 Rxb2 41. Nxd4 Rxb5 42. Nxb5 Nxe4 43. f3 gxf3+ 44. Kxf3 f5 45. Nd4 Kd7 46. Bh2 Nf6 47. Kf4 Nfxd5+ 48. Kg5 Ne3 49. Kxh5 Nf1 50. Bg1 Nxg3+ 51. Kg5 Ne4+ 52. Kf4 Nc3 53. h5 Ke8 54. Bf2 Ncd5+ 55. Kg5 f4 56. h6 Kf7 57. Ne2 f3 58. Ng1 Nc3 59. h7 Kg7 60. Bd4+ Kxh7 61. Nxf3 Ne4+ 62. Kf4 Nc5 63. Bxc5 dxc5 64. Ke5 Kg6 65. Kd6 1/2-1/2

[Event "Tiznit op 4th"]
[Site "Tiznit"]
[Date "2022.02.10"]
[Round "9"]
[White "Arbouche, Muhamed"]
[Black "Alami, Halim"]
[Result "1-0"]
[WhiteElo "2202"]
[BlackElo "2003"]
[PlyCount "83"]
[EventDate "2022.02.06"]
[EventType "swiss"]
[EventRounds "9"]
[EventCountry "MAR"]
[SourceTitle "EXT 2023"]
[Source "ChessBase"]
[SourceDate "2022.10.05"]
[SourceVersion "1"]
[SourceVersionDate "2022.10.05"]
[SourceQuality "1"]

1. d4 d6 2. c4 g6 3. Nc3 Bg7 4. Nf3 c6 5. g3 Nf6 6. Bg2 Bf5 7. 0-0 Qc8 8. Re1 Ne4 9. Nh4 Nxc3 10. bxc3 Bh3 11. Bh1 Nd7 12. e4 Nb6 13. Qd3 c5 14. d5 Qd7 15. Bf3 Bf6 16. Ng2 Bxg2 17. Bxg2 h5 18. f4 0-0-0 19. e5 dxe5 20. fxe5 Bg7 21. a4 Qf5 22. Qxf5+ gxf5 23. Bf1 e6 24. d6 Nd7 25. Bf4 h4 26. Rab1 hxg3 27. hxg3 Bh6 28. Bg2 b6 29. a5 Bxf4 30. axb6 axb6 31. gxf4 Rdg8 32. Ra1 Rh4 33. Ra7 Rhg4 34. Rc7+ Kd8 35. Re2 Nb8 36. Ra2 R8g7 37. Rb7 Rxg2+ 38. Rxg2 Rxg2+ 39. Kxg2 Nd7 40. Ra7 Kc8 41. Kg3 f6 42. Kf3 1-0

[Event "Gibraltar Challengers op-B"]
[Site "Caleta"]
[Date "2020.01.29"]
[Round "5"]
[White "De Abreu, Roberto N"]
[Black "Alami, Halim"]
[Result "1-0"]
[WhiteElo "2154"]
[BlackElo "1987"]
[PlyCount "75"]
[EventDate "2020.01.25"]
[EventType "swiss"]
[EventRounds "5"]
[EventCountry "GGB"]
[SourceTitle "CBM 194 Extra"]
[Source "ChessBase"]
[SourceDate "2020.03.31"]
[SourceVersion "1"]
[SourceVersionDate "2020.03.31"]
[SourceQuality "1"]

1. d4 d5 2. c4 e6 3. Nf3 c6 4. g3 f5 5. Bg2 Nf6 6. 0-0 Be7 7. b3 0-0 8. Ba3 Ne4 9. Bxe7 Qxe7 10. Nbd2 Nd7 11. Qc2 Ndf6 12. Ne5 Bd7 13. Ndf3 Be8 14. Nd3 Nd7 15. Nfe5 g5 16. Nxd7 Bxd7 17. f3 Nf6 18. e4 f4 19. gxf4 Nh5 20. fxg5 Qxg5 21. Qc1 Nf4 22. Nxf4 Rxf4 23. Qe1 Kh8 24. Qe3 Rg8 25. Rf2 e5 26. Kh1 Qf6 27. dxe5 Qxe5 28. Rd1 Be6 29. cxd5 cxd5 30. Qxa7 dxe4 31. fxe4 Rxe4 32. Qxb7 Rh4 33. Bf3 Rd4 34. Rdf1 Bh3 35. Bg2 Be6 36. Qe7 Rdg4 37. Rf7 Qh5 38. Qf6+ 1-0

[Event "Gibraltar Challengers op-B"]
[Site "Caleta"]
[Date "2020.01.26"]
[Round "2"]
[White "Alami, Halim"]
[Black "O'Neil, Jim"]
[Result "1-0"]
[WhiteElo "1987"]
[BlackElo "1870"]
[PlyCount "63"]
[EventDate "2020.01.25"]
[EventType "swiss"]
[EventRounds "5"]
[EventCountry "GGB"]
[SourceTitle "CBM 194 Extra"]
[Source "ChessBase"]
[SourceDate "2020.03.31"]
[SourceVersion "1"]
[SourceVersionDate "2020.03.31"]
[SourceQuality "1"]

1. e4 c5 2. f4 a6 3. Nf3 Nc6 4. Be2 Nf6 5. d3 e6 6. 0-0 d5 7. e5 Nd7 8. Be3 b6 9. c3 Bb7 10. d4 Ne7 11. Bf2 h5 12. Nh4 g6 13. Nd2 Nf5 14. Ndf3 Be7 15. Nxf5 gxf5 16. h4 Nf8 17. Ng5 Bxg5 18. fxg5 Qe7 19. Bxh5 c4 20. g4 fxg4 21. Qxg4 Kd7 22. Be3 Ng6 23. Rf6 Rag8 24. Raf1 Rh7 25. Bxg6 fxg6 26. Bf2 Bc6 27. Qd1 Kd8 28. Bg3 Be8 29. b3 b5 30. bxc4 dxc4 31. Qf3 Qa7 32. Rxe6 1-0

[Event "Gibraltar Challengers op-A"]
[Site "Caleta"]
[Date "2020.01.21"]
[Round "2"]
[White "Alami, Halim"]
[Black "Ajele, Rotimi"]
[Result "0-1"]
[WhiteElo "1987"]
[BlackElo "2188"]
[PlyCount "132"]
[EventDate "2020.01.20"]
[EventType "swiss"]
[EventRounds "5"]
[EventCountry "GGB"]
[SourceTitle "CBM 194 Extra"]
[Source "ChessBase"]
[SourceDate "2020.03.31"]
[SourceVersion "1"]
[SourceVersionDate "2020.03.31"]
[SourceQuality "1"]

1. e4 e5 2. Nf3 Nc6 3. Bc4 Bc5 4. d3 Nf6 5. Nc3 0-0 6. Bg5 h6 7. Bh4 Be7 8. h3 d6 9. Ne2 Na5 10. Bb3 Nxb3 11. axb3 g5 12. Bg3 Nh5 13. Bh2 Bf6 14. Qd2 Nf4 15. Bxf4 exf4 16. c4 Bg7 17. g3 fxg3 18. Nxg3 Qf6 19. Ng1 Qxb2 20. Qxb2 Bxb2 21. Ra2 Bc3+ 22. Kf1 f5 23. N1e2 Bg7 24. exf5 Bxf5 25. Nxf5 Rxf5 26. Ng3 Rf3 27. Rd2 Raf8 28. Ne4 Bd4 29. Kg2 R3f5 30. h4 Kg7 31. hxg5 hxg5 32. Rh3 Kg6 33. f3 Ra5 34. Rh1 Ra3 35. Rb1 Rh8 36. Re2 Re8 37. Kh1 c6 38. Rc2 d5 39. cxd5 cxd5 40. Nf2 Bxf2 41. Rxf2 Re3 42. f4 Rxd3 43. Rg2 Raxb3 44. Rxg5+ Kf6 45. Ra1 a6 46. Rc1 Rd2 47. Rh5 a5 48. Rf1 Rdd3 49. Rh6+ Kg7 50. Rd6 a4 51. f5 Rh3+ 52. Kg2 Rbg3+ 53. Kf2 Rf3+ 54. Ke2 Rxf1 55. Kxf1 Rb3 56. Ke2 a3 57. Rxd5 b5 58. Kd2 b4 59. Ra5 Kf6 60. Kc2 Rb2+ 61. Kd3 a2 62. Ke4 b3 63. Ra6+ Kf7 64. Kf4 Rb1 65. Ra7+ Ke8 66. Ra8+ Kd7 0-1

[Event "Benidorm op U2300 18th"]
[Site "Benidorm"]
[Date "2019.12.02"]
[Round "4"]
[White "Jackson, Oliver A"]
[Black "Alami, Halim"]
[Result "1-0"]
[WhiteElo "2150"]
[BlackElo "2039"]
[PlyCount "63"]
[EventDate "2019.11.29"]
[EventType "swiss"]
[EventRounds "10"]
[EventCountry "ESP"]
[SourceTitle "EXT 2022"]
[Source "ChessBase"]
[SourceDate "2021.10.06"]
[SourceVersion "1"]
[SourceVersionDate "2021.10.06"]
[SourceQuality "1"]

1. e4 e5 2. Nc3 Nf6 3. Bc4 Bc5 4. d3 h6 5. f4 Nc6 6. Nf3 d6 7. f5 Na5 8. Qe2 Nxc4 9. dxc4 c6 10. Bd2 a5 11. 0-0-0 Bd7 12. g4 a4 13. g5 hxg5 14. Bxg5 Qb6 15. Rd3 Ng4 16. Nd1 Qa6 17. Nd2 Nf6 18. Be3 Qa7 19. Rxd6 Bxe3 20. Nxe3 Qc5 21. Rd3 Ke7 22. Rg1 Rh7 23. Rg2 Nh5 24. Qf2 Qa5 25. Qh4+ Nf6 26. Qg5 Rah8 27. Ng4 Be8 28. Nf3 Rh3 29. Qxg7 Nxg4 30. Qxg4 f6 31. Qg7+ Bf7 32. Rgd2 1-0

[Event "Gibraltar Challengers op-B"]
[Site "Caleta"]
[Date "2019.01.29"]
[Round "4"]
[White "Alami, Halim"]
[Black "Abdulraheem, Abdulrahman Akintoy"]
[Result "0-1"]
[WhiteElo "2059"]
[BlackElo "2224"]
[PlyCount "131"]
[EventDate "2019.01.26"]
[EventType "swiss"]
[EventRounds "5"]
[EventCountry "GGB"]
[SourceTitle "CBM 188 Extra"]
[Source "ChessBase"]
[SourceDate "2019.02.26"]
[SourceVersion "1"]
[SourceVersionDate "2019.02.26"]
[SourceQuality "1"]

1. e4 e5 2. Nf3 Nc6 3. Nc3 Bb4 4. a3 Be7 5. d4 exd4 6. Nxd4 Nf6 7. Nf5 0-0 8. Be2 d5 9. Nxe7+ Nxe7 10. e5 Ne8 11. Bg5 c6 12. Bd3 Qc7 13. f4 f6 14. exf6 Nxf6 15. 0-0 Nf5 16. Bxf6 Rxf6 17. Qe1 Bd7 18. Qf2 b6 19. Rae1 Raf8 20. Ne2 c5 21. c3 h6 22. Bc2 Bb5 23. Bb3 Bc6 24. Bc2 Kh8 25. Ng3 Nxg3 26. Qxg3 Bb5 27. Rf3 d4 28. a4 Ba6 29. Bg6 Bb7 30. Rf2 Bc6 31. Bc2 Qd6 32. Qd3 g6 33. Qg3 c4 34. cxd4 Qxd4 35. Qc3 Qxc3 36. bxc3 Kg7 37. Re7+ R8f7 38. Rxf7+ Kxf7 39. g3 Rd6 40. Re2 Bf3 41. Re3 Bd1 42. Be4 Bxa4 43. f5 g5 44. Bf3 Kf6 45. Bh5 Bd7 46. Be2 b5 47. g4 a5 48. Kf2 a4 49. Rg3 Rd2 50. Rh3 Kg7 51. Ke1 Rd6 52. Rg3 Kf6 53. Kf2 Bc6 54. Ke3 Rd8 55. Rh3 Kg7 56. Rg3 Bb7 57. Rg1 Kf6 58. Rb1 Bc6 59. Rf1 Rd6 60. Rb1 Ke5 61. Rf1 Be8 62. h4 gxh4 63. Rh1 Bc6 64. Rxh4 a3 65. Bxc4 bxc4 66. f6 0-1

[Event "Gibraltar Challengers op-B"]
[Site "Caleta"]
[Date "2019.01.27"]
[Round "2"]
[White "Pavlov, Egor"]
[Black "Alami, Halim"]
[Result "1/2-1/2"]
[WhiteElo "2187"]
[BlackElo "2059"]
[PlyCount "83"]
[EventDate "2019.01.26"]
[EventType "swiss"]
[EventRounds "5"]
[EventCountry "GGB"]
[SourceTitle "CBM 188 Extra"]
[Source "ChessBase"]
[SourceDate "2019.02.26"]
[SourceVersion "1"]
[SourceVersionDate "2019.02.26"]
[SourceQuality "1"]

1. d4 d5 2. c4 e6 3. Nf3 c6 4. Nbd2 f5 5. g3 Nf6 6. Bg2 Be7 7. 0-0 0-0 8. b3 Ne4 9. Bb2 Nd7 10. Ne5 Nxe5 11. dxe5 Nxd2 12. Qxd2 dxc4 13. Qc2 cxb3 14. axb3 Qc7 15. e4 f4 16. gxf4 Rxf4 17. Bd4 b6 18. Be3 Rf7 19. f4 Bd7 20. Kh1 Raf8 21. Rfd1 Bc8 22. Bh3 a5 23. Qc4 b5 24. Qc3 Bb4 25. Qc2 Kh8 26. Rac1 Bd7 27. Qe2 Qb7 28. Qh5 c5 29. Bg2 Bc6 30. Qf3 g6 31. Rd6 Ba3 32. Rxe6 Bxc1 33. Bxc1 Rd7 34. Rd6 Rxd6 35. exd6 Re8 36. Bb2+ Kg8 37. Qc3 Bxe4 38. Qh8+ Kf7 39. Qf6+ Kg8 40. Qh8+ Kf7 41. Qf6+ Kg8 42. Qh8+ 1/2-1/2

[Event "Chefchaouen op 17th"]
[Site "Chefchaouen"]
[Date "2018.07.24"]
[Round "3"]
[White "Buscara, Sevan"]
[Black "Alami, Halim"]
[Result "1-0"]
[WhiteElo "2437"]
[BlackElo "2040"]
[PlyCount "79"]
[EventDate "2018.07.23"]
[EventType "swiss"]
[EventRounds "9"]
[EventCountry "MAR"]
[SourceTitle "EXT 2020"]
[Source "ChessBase"]
[SourceDate "2019.10.17"]
[SourceVersion "1"]
[SourceVersionDate "2019.10.17"]
[SourceQuality "1"]

1. e4 e5 2. Nf3 Nf6 3. Nxe5 d6 4. Nf3 Nxe4 5. Nc3 Nf6 6. d4 d5 7. Bd3 Be7 8. Ne5 0-0 9. 0-0 c5 10. dxc5 Bxc5 11. Bg5 Be6 12. Qf3 Nc6 13. Nxc6 bxc6 14. Rad1 Be7 15. h3 Rb8 16. b3 Qc7 17. Ne2 Rbd8 18. Nd4 h6 19. Bh4 Nh7 20. Bxh7+ Kxh7 21. Bxe7 Qxe7 22. Nxc6 Qc7 23. Nxd8 Rxd8 24. c4 dxc4 25. Rxd8 Qxd8 26. bxc4 Qd4 27. Rd1 Qxc4 28. Qd3+ Qxd3 29. Rxd3 Bxa2 30. Ra3 Be6 31. f4 g6 32. Kf2 Kg7 33. Rxa7 h5 34. Kg3 Kf6 35. Kh4 Kf5 36. g3 Ke4 37. Kg5 Kf3 38. Ra3+ Kg2 39. g4 hxg4 40. hxg4 1-0